De la historia eclesiástica a la historia religiosa : (Record no. 1644)

MARC details
000 -LEADER
fixed length control field 01552cam a2200409 i 4500
001 - CONTROL NUMBER
control field data
005 - DATE AND TIME OF LATEST TRANSACTION
control field 20260322212110.0
008 - FIXED-LENGTH DATA ELEMENTS--GENERAL INFORMATION
fixed length control field data
035 ## - SYSTEM CONTROL NUMBER
System control number 20614782
010 ## - LIBRARY OF CONGRESS CONTROL NUMBER
LC control number 2018423929
020 ## - INTERNATIONAL STANDARD BOOK NUMBER
International Standard Book Number 9788416978731
020 ## - INTERNATIONAL STANDARD BOOK NUMBER
International Standard Book Number 8416978735
035 ## - SYSTEM CONTROL NUMBER
System control number (OCoLC)1046933808
040 ## - CATALOGING SOURCE
Original cataloging agency C3L
Language of cataloging eng
Description conventions rda
Transcribing agency C3L
Modifying agency DLC
-- OCLCF
-- ZYU
-- DLC
-- DLC
042 ## - AUTHENTICATION CODE
Authentication code lccopycat
050 00 - LIBRARY OF CONGRESS CALL NUMBER
Classification number BX1583
Item number .D4 2018
245 00 - TITLE STATEMENT
Title De la historia eclesiástica a la historia religiosa :
Remainder of title estudios en homenaje al profesor Feliciano Montero García /
Statement of responsibility, etc. ed., Julio de la Cueva Merino.
264 #1 - PRODUCTION, PUBLICATION, DISTRIBUTION, MANUFACTURE, AND COPYRIGHT NOTICE
Place of production, publication, distribution, manufacture Alcalá de Henares :
Name of producer, publisher, distributor, manufacturer Universidad de Alcalá,
Date of production, publication, distribution, manufacture, or copyright notice 2018.
300 ## - PHYSICAL DESCRIPTION
Extent 708 pages ;
Dimensions 24 cm.
336 ## - CONTENT TYPE
Content type term text
Content type code txt
Source rdacontent
337 ## - MEDIA TYPE
Media type term unmediated
Media type code n
Source rdamedia
338 ## - CARRIER TYPE
Carrier type term volume
Carrier type code nc
Source rdacarrier
490 0# - SERIES STATEMENT
Series statement Obras colectivas humanidades
500 ## - GENERAL NOTE
General note Collected essays.
500 ## - GENERAL NOTE
General note Series statement on title page :"obras coleccitvas" misspelled.
650 #0 - SUBJECT ADDED ENTRY--TOPICAL TERM
Topical term or geographic name entry element Church history.
650 #7 - SUBJECT ADDED ENTRY--TOPICAL TERM
Topical term or geographic name entry element Church history.
Source of heading or term fast
Authority record control number or standard number (OCoLC)fst00860740
651 #0 - SUBJECT ADDED ENTRY--GEOGRAPHIC NAME
Geographic name Spain
General subdivision Church history.
651 #7 - SUBJECT ADDED ENTRY--GEOGRAPHIC NAME
Geographic name Spain.
Source of heading or term fast
Authority record control number or standard number (OCoLC)fst01204303
655 #7 - INDEX TERM--GENRE/FORM
Genre/form data or focus term Church history.
Source of term fast
Authority record control number or standard number (OCoLC)fst01411629
700 1# - ADDED ENTRY--PERSONAL NAME
Personal name Cueva Merino, Julio de la.
906 ## - LOCAL DATA ELEMENT F, LDF (RLIN)
a 7
b cbc
c copycat
d 3
e ncip
f 20
g y-gencatlg
925 0# -
-- acquire
-- 1 shelf copy
-- policy default
955 ## - COPY-LEVEL INFORMATION (RLIN)
-- be24 2020-04-16 (telework episodic)
923 ## -
-- 20180730
-- 209339
-- SP-BaPL
985 ## -
-- VENDOR LOAD
Holdings
Withdrawn status Lost status Damaged status Not for loan Home library Current library Shelving location Date acquired Total checkouts Full call number Barcode Date last seen Price effective from Koha item type
        Institut Protestant de Théologie Institut Protestant de Théologie General stacks 22/03/2026   BX1583 LOC-IPT-00035 22/03/2026 22/03/2026 Books